El libro de mis recuerdos (Record no. 10727)

MARC details
000 -CABECERA
campo de control de longitud fija 00952nam a2200241 a 4500
001 - NÚMERO DE CONTROL
campo de control BRL_1919
005 - FECHA Y HORA DE LA ÚLTIMA TRANSACCIÓN
campo de control 20190320211432.0
008 - DATOS DE LONGITUD FIJA--INFORMACIÓN GENERAL
campo de control de longitud fija 180815s1904----mx-ao#####---#000-0#spa-#
041 ## - CÓDIGO DE LENGUA
Código de lengua del texto/banda sonora o título independiente spa
044 ## - CÓDIGO DEL PAÍS DE LA ENTIDAD EDITORA/PRODUCTORA
Código MARC del país mx
050 #4 - SIGNATURA TOPOGRÁFICA DE LA BIBLIOTECA DEL CONGRESO
Número de clasificación F1386
Número de documento/Ítem .G37 1904
100 1# - ENTRADA PRINCIPAL--NOMBRE DE PERSONA
Nombre de persona García Cubas, Antonio
Fechas asociadas al nombre 1832-1912.
9 (RLIN) 8182
245 10 - MENCIÓN DE TÍTULO
Título El libro de mis recuerdos
Resto del título narraciones históricas, anecdóticas y de costumbres mexicanas anteriores al actual estado social, ilustradas con más de trecientos fotograbados
Mención de responsabilidad, etc. Antonio García Cubas.
260 ## - PUBLICACIÓN, DISTRIBUCIÓN, ETC.
Lugar de publicación, distribución, etc. México
Nombre del editor, distribuidor, etc. Imprenta de Arturo García Cubas, Hermanos Sucesores
Fecha de publicación, distribución, etc. 1904
300 ## - DESCRIPCIÓN FÍSICA
Extensión 635 p.
Otras características físicas il.
Dimensiones 27 cm.
500 ## - NOTA GENERAL
Nota general Au1910
500 ## - NOTA GENERAL
Nota general Estado físico: Tiene rasgada la pasta.
500 ## - NOTA GENERAL
Nota general Ver también número de sistema 3932 perteneciente al Fondo General Franz Mayer
651 #4 - PUNTO DE ACCESO ADICIONAL DE MATERIA--NOMBRE GEOGRÁFICO
Nombre geográfico México (Ciudad)
Subdivisión de forma Descripción
9 (RLIN) 10032
651 #4 - PUNTO DE ACCESO ADICIONAL DE MATERIA--NOMBRE GEOGRÁFICO
Nombre geográfico México
Subdivisión de forma Vida social y costumbres.
9 (RLIN) 10039
902 ## - CATALOGADOR
Iniciales GRL
942 ## - ELEMENTOS DE PUNTO DE ACCESO ADICIONAL (KOHA)
Fuente del sistema de clasificación o colocación Library of Congress Classification
Tipo de ítem Koha Libros
Holdings
Estado de retiro Estado de pérdida Estado dañado No para préstamo Localización permanente Ubicación/localización actual Fecha de adquisición Número de inventario Total de préstamos Signatura topográfica completa Código de barras Fecha visto por última vez Precio válido a partir de Tipo de ítem Koha
El ejemplar forma parte de la colección y puede ser consultado según las políticas vigentes.       Biblioteca Centro de Estudios Ruth D. Lechuga Biblioteca Centro de Estudios Ruth D. Lechuga 18/08/2015 Au1910   F1386 .G37 1904 (Au1910) GRL02126 22/03/2019 22/03/2019 Libros